Temas de historia del teatro : la evolución de la escenografía, las danzas de la muerte, la comedia en el siglo XVIII / Adrián Gual la evolución de la escenografía, las danzas de la muerte, la comedia en el siglo XVIII / Adrián Gual
Descripción Física:
82 p., [2] f., [8] làm. ; 18 cm
Materias:
Teatre -- Història
MARC
| LEADER | 00000nam a2200000Ia 4500 | ||
|---|---|---|---|
| 001 | 646 | ||
| 003 | BGR | ||
| 005 | 20260324175214.0 | ||
| 008 | 160829s1929 xx 000 0 cat d | ||
| 080 | |a B-1-240 | ||
| 100 | |a Gual. Adrià, |d 1872-1943 |9 47732 | ||
| 245 | |a Temas de historia del teatro : |b la evolución de la escenografía, las danzas de la muerte, la comedia en el siglo XVIII / Adrián Gual | ||
| 260 | |a Barcelona : |b (Imp. de la Casa Provincial de Caridad), |c 1929 | ||
| 300 | |a 82 p., [2] f., [8] làm. ; |c 18 cm | ||
| 590 | |a Abans del títol, Diputación Provincial de Barcelona. Publicaciones del Instituto del Teatro Nacional. | ||
| 650 | |a Teatre |x Història |9 20214 | ||
| 710 | 1 | |a Barcelona (Catalunya : Província). |b Diputació |9 52408 | |
| 710 | 1 | |a Institut del Teatre (Barcelona, Catalunya) |9 52662 | |
| 901 | |a Arxiu | ||
| 942 | |n 1 |2 udc |c MON | ||
| 952 | |0 0 |1 0 |4 0 |6 B1240 |7 1 |9 41493 |a Arxiu |b Arxiu |d 2016-12-01 |l 0 |o B-1-240 |p 646 |r 2016-12-01 00:00:00 |w 2016-12-01 |y ARXIU | ||
| 999 | |c 43301 |d 43301 | ||